Rozvoj informačních soustav pro řízení vědeckotechnického rozvoje v čs. obuvnickém průmyslu na úrovni středního článku řízení kandidátska dizertačná práca
Salvato in:
| Autore principale: | |
|---|---|
| Ente Autore: | |
| Altri autori: | |
| Natura: | Libro |
| Lingua: | ceco |
| Pubblicazione: |
Bratislava
1980
|
| Tags: |
Nessun Tag, puoi essere il primo ad aggiungerne!!
|
MARC
| LEADER | 00000nam a2200000 4500 | ||
|---|---|---|---|
| 001 | c138817 | ||
| 005 | 20220412112800.4 | ||
| 041 | 0 | |a cze | |
| 044 | |a SK | ||
| 245 | 1 | 0 | |a Rozvoj informačních soustav pro řízení vědeckotechnického rozvoje v čs. obuvnickém průmyslu na úrovni středního článku řízení |b kandidátska dizertačná práca |c Ladislav Jurča ; Ved. Bohuslav Partyk |
| 264 | 1 | |a Bratislava |c 1980 | |
| 300 | |a 123, 37, 35 s. | ||
| 100 | 1 | |a Jurča, Ladislav | |
| 700 | 1 | |a Partyk, Bohuslav | |
| 710 | 2 | |a Vysoká škola ekonomická v Bratislave. Fakulta riadenia | |